000 00268nam a2200121 a 4500
008 100914s1961|||| d
245 1 0 _aPereje
100 1 _aDavidson, Basil
260 _bSmena
_aBratislava
_c1961
020 _c15,20
044 _axo
_cSK
041 _aslo
999 _c10319
_d10319